Simposio la Investigación y el Desarollo Tecnológico en Michoacán : Memoria / (Record no. 51499)

MARC details
000 -LEADER
fixed length control field 01336nam a22002297a 4500
005 - DATE AND TIME OF LATEST TRANSACTION
control field 20150124130444.0
008 - FIXED-LENGTH DATA ELEMENTS--GENERAL INFORMATION
fixed length control field 140509t mx||||| |||| 00| 0 spa d
050 04 - LIBRARY OF CONGRESS CALL NUMBER
Classification number Q180 .A1
Item number S56 1993
111 2# - MAIN ENTRY--MEETING NAME
Meeting name or jurisdiction name as entry element Simposio la Investigación y el Desarollo Tecnológico en Michoacán.
Date of meeting ( 25 al 29 de Enero de 1993 :
Subordinate unit Morelia, Michoacán de Ocampo, México )
245 10 - TITLE STATEMENT
Title Simposio la Investigación y el Desarollo Tecnológico en Michoacán : Memoria /
Statement of responsibility, etc Universidad Michoacana de San Nicolás de Hidalgo.
250 ## - EDITION STATEMENT
Edition statement 1a. ed.
260 ## - PUBLICATION, DISTRIBUTION, ETC. (IMPRINT)
Place of publication, distribution, etc Morelia, Michoacán de Ocampo, México :
Name of publisher, distributor, etc UMSNH : CONACYT,
Date of publication, distribution, etc 1993
300 ## - PHYSICAL DESCRIPTION
Extent 117 p. ;
Dimensions 28 cm.
504 ## - BIBLIOGRAPHY, ETC. NOTE
Bibliography, etc Incluye índice
650 #7 - SUBJECT ADDED ENTRY--TOPICAL TERM
Source of heading or term ESCAMILLA
Topical term or geographic name as entry element Ciencia
General subdivision Alocuciones, ensayos y conferencias
Geographic subdivision Michoacán de Ocampo
-- México
Form subdivision Congresos
650 #7 - SUBJECT ADDED ENTRY--TOPICAL TERM
Source of heading or term ESCAMILLA
Topical term or geographic name as entry element Tecnología
General subdivision Alocuciones, ensayos y conferencias
Geographic subdivision Michoacán de Ocampo
-- México
Form subdivision Congresos
650 #7 - SUBJECT ADDED ENTRY--TOPICAL TERM
Source of heading or term LEMB
Topical term or geographic name as entry element Investigación
General subdivision Alocuciones, ensayos y conferencias
Geographic subdivision Michoacán de Ocampo
-- México
Form subdivision Congresos
710 2# - ADDED ENTRY--CORPORATE NAME
Corporate name or jurisdiction name as entry element Universidad Michoacana de San Nicolás de Hidalgo (UMSNH)
710 1# - ADDED ENTRY--CORPORATE NAME
Corporate name or jurisdiction name as entry element México.
Subordinate unit Consejo Nacional de Ciencia y Tecnología (CONACYT)
711 2# - ADDED ENTRY--MEETING NAME
Meeting name or jurisdiction name as entry element Simposio la Investigación y el Desarollo Tecnológico en Michoacán.
Date of meeting ( 25 al 29 de Enero de 1993 :
Subordinate unit Morelia, Michoacán de Ocampo, México )
942 ## - ADDED ENTRY ELEMENTS (KOHA)
Source of classification or shelving scheme Biblioteca del Cogreso de los Estados Unidos
Koha item type Libro
Holdings
Estado de pérdida Fuente de clasificación Estado del daño No para préstamo Ubicación permanente Ubicación actual Apartado o colección Fecha de adquisición Edición Dependencia de educación superior (DES) Área del conocimiento Clasificación Código de Barras Date last seen Número de copia Costo por reposición Tipo de recurso Nota pública
  Biblioteca del Cogreso de los Estados Unidos     Biblioteca del Instituto de Investigaciones Históricas Biblioteca del Instituto de Investigaciones Históricas Fondo Michoacán 09/05/2014 1a ed. Humanidades Ciencias Naturales y Exactas Q180 .A1 S56 1993 IIH000012317 09/05/2014 C:1 1.00 Libro MICHOACÁN
  Biblioteca del Cogreso de los Estados Unidos     Biblioteca del Instituto de Investigaciones Históricas Biblioteca del Instituto de Investigaciones Históricas Fondo Michoacán 09/05/2014 1a ed. Humanidades Ciencias Naturales y Exactas Q180 .A1 S56 1993 IIH000012318 09/05/2014 C:2 1.00 Libro MICHOACÁN